Statistics for USA:s tio minst vita delstater

Click here to take the quiz!

General Stats

  • This quiz has been taken 9 times
  • The average score is 6 of 10

Answer Stats

%Delstat% Correct
38,9Texas
100%
49,6Georgia
88%
51,8Arizona
63%
50,8Florida
63%
33,7Kalifornien
63%
34,8Nya Mexiko
63%
20,7Hawaii
50%
47,1Maryland
25%
44,4Nevada
25%
51,4New Jersey
25%

Score Distribution

Percentile by Number Answered

Percent of People with Each Score

Your Score History

You have not taken this quiz